000 00766nam a2200241Ia 4500
003 GCL
008 140319s9999 xx 000 0 ara d
040 _aGCL /
_cGCL
082 0 4 _a811.9
_bت د
100 1 _aمحمد ابراهيم ابوسليم
245 1 0 _aديوان افق وشفقة /
_cمحمد ابراهيم ابوسليم
700 1 _aتوفيق صالح جبريل
260 _a[S.N] :
_bدار الجيل ،
_c1991
300 _a151 ص
490 _a
650 0 4 _aالشعر العربى
650 0 4 _aالادب العربى
650 0 4 _aدواوين وقصائد
650 0 4 _aتوفيق صالح جبريل
650 0 4 _aالادب العالمى
650 0 4 _aالشعر العربى - العصر الحديث
942 _2ddc
_cBK
999 _c54676
_d54676